000 00361nam a2200145Ia 4500
008 191201s2008 xx 000 0 und d
082 _a621.381
_bGUE
100 _aGUPTA, Sanjeev
245 0 _aElectronic Devices and Circuits
250 _aRep
260 _aN.Delhi
_bDhanpat Rai Pub (P) Ltd
_c2008
300 _a733
650 _aB.Tech(ECE)
942 _2ddc
_cBK
999 _c2005
_d2005